Andi 3: adornamos la clase
Gespeichert in:
| Hauptverfasser: | , , , , |
|---|---|
| Format: | Buch |
| Sprache: | Spanisch |
| Veröffentlicht: |
Madrid
Bruño
1994
|
| Schriftenreihe: | Educación Infantil, 7
|
| Schlagworte: | |
| Tags: |
Tag hinzufügen
Keine Tags, Fügen Sie den ersten Tag hinzu!
|
MARC
| LEADER | 00000nam a2200000 a 4500 | ||
|---|---|---|---|
| 001 | UCL1106 | ||
| 003 | CL-VaPUC | ||
| 008 | 030829e19940000SP |||||||||||||||||spa|d | ||
| 020 | |a 8421622080 | ||
| 082 | 0 | 4 | |a 372.21 |b IGL |2 21 |
| 100 | |a Iglesias Iglesias, Rosa María |e author |9 529236 | ||
| 700 | 0 | |a Camino Montalvo, Socorro |e author |9 477988 | |
| 700 | 0 | |a Juanas Gonzalo, Luisa de |e author |9 477989 | |
| 700 | 0 | |a Serrano Paúl, Pilar |e author |9 477990 | |
| 700 | |a Lalana Josa, Fernando |e author |9 478016 | ||
| 245 | 1 | 0 | |a Andi 3: adornamos la clase |
| 300 | |a 24 p | ||
| 942 | |c BK | ||
| 945 | |d 20030829 00:00:00 |a cmena | ||
| 260 | |a Madrid |b Bruño |c 1994 | ||
| 650 | 0 | |a Educación preescolar |9 260381 | |
| 650 | 0 | |a Métodos de enseñanza |9 270413 | |
| 650 | 0 | |a Jardines infantiles |9 307427 | |
| 583 | |a last modification |c 20030829 00:00:00 |k Rodrigo Vera | ||
| 490 | 0 | |a Educación Infantil, 7 | |
| 999 | |c 304784 |d 304782 | ||
| 952 | |0 0 |1 0 |4 0 |6 372_210000000000000_IGL_1994 |7 0 |8 P |9 367518 |a BIBEDU |b BIBEDU |c BIBEDU_PB |d 2019-11-21 |i 392002K |o 372.21 IGL 1994 |p 392002K |r 2024-01-25 |w 2019-11-21 |y BK |k EPE | ||